书目信息 |
| 题名: |
艺术与世界宗教
|
|
| 作者: | 雅科伏列夫 ;任光宣 , 李冬晗 译 | |
| 分册: | ||
| 出版信息: | 北京 文化艺术出版社 1989.06 |
|
| 页数: | 267页 | |
| 开本: | 32开 | |
| 丛书名: | 思想者书系 | |
| 单 册: | ||
| 中图分类: | J19 | |
| 科图分类: | ||
| 主题词: | 艺术--概况--世界 , 艺术--各国--概况 , 美术--概况--世界 | |
| 电子资源: | ||
| ISBN: | 7-5039-0472-0 | |
| 000 | 00788nam0 2200265 45 | |
| 001 | 0205131613 | |
| 005 | 20031219104055.5 | |
| 010 | @a7-5039-0472-0@dCNY14.80 | |
| 100 | @a20020513d1989 km y0chiy0120 ea | |
| 101 | 0 | @achi@crus |
| 105 | @a z 000yy | |
| 200 | 1 | @a艺术与世界宗教@AYi Shu Yu Shi Jie Zong Jiao@f(俄)E.T.雅科伏列夫@F(E)E.T.Ya Ke Fu Lie Fu@g任光宣,李冬晗译 |
| 210 | @a北京@c文化艺术出版社@d1989.06 | |
| 215 | @a267页@d32开 | |
| 225 | @a思想者书系 | |
| 410 | @12001 @a思想者书系 | |
| 606 | 0 | @a艺术@x概况@x世界 |
| 606 | 0 | @a艺术@y各国@x概况 |
| 606 | 0 | @a美术@x概况@x世界 |
| 690 | @aJ19@v4 | |
| 701 | @a雅科伏列夫 | |
| 702 | 0 | @a任光宣@ARen Guang Xuan@4译 |
| 702 | 0 | @a李冬晗@ALi Dong Han@4译 |
| 801 | @aCN@bTSTC@c20020513 | |
| 905 | @b310202-205@dJ19@e39@f4 | |
| 艺术与世界宗教/(俄)E.T.雅科伏列夫/任光宣,李冬晗译.-北京:文化艺术出版社,1989.06 |
| 267页;32开.-(思想者书系) |
| ISBN 7-5039-0472-0:CNY14.80 |
| ● |
| 相关链接 |
|
|
|
|
正题名:艺术与世界宗教
索取号:J19/39
 
预约/预借
| 序号 | 登录号 | 条形码 | 馆藏地/架位号 | 状态 | 备注 |
| 1 | 0310202 | 203102025 | 第一借阅区/ [索取号:J19/39] | 在馆 | |
| 2 | 0310203 | 203102034 | 第一借阅区/ [索取号:J19/39] | 在馆 | |
| 3 | 0310204 | 203102043 | 第一借阅区/ [索取号:J19/39] | 在馆 | |
| 4 | 0310205 | 203102052 | 第一样本阅览室/ [索取号:J19/39] | 在馆 | |
| 5 | 0310455 | 203104559 | 第一借阅区/ [索取号:J19/39] | 在馆 | |
| 6 | 0310456 | 203104568 | 第一借阅区/ [索取号:J19/39] | 在馆 | |
| 7 | 0310457 | 203104577 | 第一借阅区/ [索取号:J19/39] | 在馆 | |
| 8 | 0310458 | 203104586 | 第一借阅区/ [索取号:J19/39] | 在馆 | |
| 9 | 0310459 | 203104595 | 第一借阅区/ [索取号:J19/39] | 在馆 |